[Event "Junior Online 4NCL Division 4"]
[Site "online"]
[Date "2020.04.30"]
[Round "3.33"]
[White "Heard, Tom"]
[Black "Mahajan, Arooj"]
[Result "0-1"]
[WhiteElo "1517"]
[BlackElo "1300"]
[PlyCount "70"]
[EventDate "2020.04.30"]
[WhiteTeam "KJCA Young Kestrels D"]
[BlackTeam "Leicestershire Juniors 2"]

1. e4 e5 2. Nf3 Nc6 3. Bc4 Nf6 4. d3 Bc5 5. c3 O-O 6. Nbd2 d6 7. h3 Na5 8. Bb3
Nxb3 9. axb3 c6 10. b4 Bb6 11. Nf1 h6 12. Ng3 Be6 13. O-O Re8 14. Re1 a5 15. d4
axb4 16. Rxa8 Qxa8 17. dxe5 dxe5 18. cxb4 Bc7 19. b3 Qa2 20. Re3 Rd8 21. Rd3
Rxd3 22. Qxd3 Qxb3 23. Qd2 Bxh3 24. Nxe5 Bxe5 25. gxh3 Bxg3 26. fxg3 Qxg3+ 27.
Qg2 Qe1+ 28. Qf1 Qxb4 29. Bxh6 Qd4+ 30. Kh2 gxh6 31. Qg2+ Kf8 32. Qg3 Nxe4 33.
Qb8+ Kg7 34. Qxb7 Qf2+ 35. Kh1 Ng3# 0-1

[Event "Junior Online 4NCL Division 4"]
[Site "online"]
[Date "2020.04.30"]
[Round "3.34"]
[White "Eradi, Madhav"]
[Black "Sanka, Amit Aryan"]
[Result "0-1"]
[WhiteElo "1225"]
[BlackElo "1562"]
[PlyCount "60"]
[EventDate "2020.04.30"]
[WhiteTeam "Leicestershire Juniors 2"]
[BlackTeam "KJCA Young Kestrels D"]

1. e4 e6 2. d4 d5 3. Nd2 c5 4. Bb5+ Nc6 5. exd5 exd5 6. Qe2+ Nge7 7. Bxc6+ bxc6
8. dxc5 Be6 9. Nb3 Nf5 10. Be3 Be7 11. O-O-O Nxe3 12. Qxe3 Bg5 13. f4 Bf6 14.
c4 a5 15. cxd5 cxd5 16. h4 O-O 17. Nf3 a4 18. Nbd4 Bg4 19. f5 Bxf3 20. Qxf3 Rc8
21. c6 Bxd4 22. Rxd4 Rxc6+ 23. Kb1 a3 24. b3 Rc5 25. Rhd1 Qf6 26. Rxd5 Rxd5 27.
Qe2 Qxf5+ 28. Ka1 Rxd1+ 29. Qxd1 Qe5+ 30. Kb1 Qb2# 0-1

[Event "Junior Online 4NCL Division 4"]
[Site "online"]
[Date "2020.04.30"]
[Round "3.35"]
[White "Cimurs, Alexander"]
[Black "Ajili, Nour"]
[Result "0-1"]
[WhiteElo "1337"]
[BlackElo "1547"]
[PlyCount "68"]
[EventDate "2020.04.30"]
[WhiteTeam "Leicestershire Juniors 2"]
[BlackTeam "KJCA Young Kestrels D"]

1. e4 e6 2. f3 c5 3. c3 d5 4. d4 cxd4 5. cxd4 Nc6 6. Ne2 Bd7 7. Nbc3 Bb4 8. Be3
dxe4 9. fxe4 Nf6 10. a3 Ba5 11. b4 Nxb4 12. axb4 Bxb4 13. Rb1 Ba5 14. Bd2 Rc8
15. Rb3 O-O 16. Qa1 b6 17. g3 Bc6 18. Bg2 Bxc3 19. Nxc3 Qxd4 20. Ne2 Qxa1+ 21.
Kf2 Qe5 22. Bf4 Qc5+ 23. Be3 Ng4+ 24. Kf3 Nxe3 25. Rxe3 Rfd8 26. Rc1 Qf5+ 27.
Nf4 Bxe4+ 28. Rxe4 Rxc1 29. Bh3 Rc3+ 30. Re3 Rxe3+ 31. Kxe3 Qc5+ 32. Kf3 g5 33.
Nh5 Rd3+ 34. Ke4 Qd5# 0-1

[Event "Junior Online 4NCL Division 4"]
[Site "online"]
[Date "2020.04.30"]
[Round "3.36"]
[White "Mann, Lev"]
[Black "Datoo, Noor"]
[Result "1/2-1/2"]
[WhiteElo "1555"]
[BlackElo "1307"]
[PlyCount "117"]
[EventDate "2020.04.30"]
[WhiteTeam "KJCA Young Kestrels D"]
[BlackTeam "Leicestershire Juniors 2"]

1. e4 e5 2. Nf3 Nc6 3. Bc4 Nf6 4. Ng5 Qe7 5. Nxf7 Rg8 6. Ng5 Rh8 7. d3 h6 8.
Nf7 Rg8 9. Nxe5 Qxe5 10. Bxg8 Nxg8 11. Nc3 Nf6 12. O-O Bd6 13. f4 Qd4+ 14. Kh1
Bc5 15. Re1 d6 16. Be3 Qb4 17. Bxc5 Qxc5 18. Qe2 Bg4 19. Qe3 O-O-O 20. Qxc5
dxc5 21. h3 Bd7 22. g4 Nh7 23. f5 Ne5 24. Kg2 g6 25. Kg3 Rg8 26. h4 g5 27. Rg1
gxh4+ 28. Kxh4 Nf3+ 29. Kh5 Be8+ 30. Kxh6 Nxg1 31. Nd5 Rh8 32. Ne7+ Kd7 33. Kg7
Rf8 34. Rxg1 Rf7+ 35. Kh8 Rxe7 36. g5 Nf8 37. g6 Bxg6 38. fxg6 Re8 39. g7 Ke7
40. g8=Q Nd7 41. Qxe8+ Kxe8 42. Rg5 Kf7 43. e5 Ke6 44. Rg7 b6 45. c3 Nxe5 46.
Rxc7 Nxd3 47. Rxa7 Nxb2 48. Ra6 Nc4 49. Kg7 Kd6 50. Kf7 Kc6 51. Ke6 Kb5 52. Ra8
Ne3 53. Rb8 Nd1 54. Kd6 Nxc3 55. Kc7 Na4 56. Kd6 c4 57. Kd5 c3 58. Kd4 c2 59.
Rc8 1/2-1/2

[Event "Junior Online 4NCL Division 4"]
[Site "online"]
[Date "2020.04.30"]
[Round "3.37"]
[White "Mahajan, Arooj"]
[Black "Heard, Tom"]
[Result "1-0"]
[WhiteElo "1300"]
[BlackElo "1517"]
[PlyCount "61"]
[EventDate "2020.04.30"]
[WhiteTeam "Leicestershire Juniors 2"]
[BlackTeam "KJCA Young Kestrels D"]

1. e4 e5 2. Nf3 Nc6 3. d4 exd4 4. Nxd4 Be7 5. Nxc6 dxc6 6. Qxd8+ Bxd8 7. Nc3
Be6 8. Bf4 Nf6 9. O-O-O O-O 10. Kb1 b5 11. f3 b4 12. Na4 a5 13. Nc5 Ra7 14.
Nxe6 fxe6 15. Bc4 Be7 16. Bxe6+ Kh8 17. Be3 Rb7 18. e5 Ng8 19. Rd7 Bd8 20. Bc5
Ne7 21. Rhd1 Rb8 22. Bxe7 Bxe7 23. Rxe7 Rfe8 24. Rxe8+ Rxe8 25. Bf7 Rf8 26. e6
h6 27. e7 Rxf7 28. e8=Q+ Kh7 29. Qxf7 c5 30. Rd7 h5 31. Qxg7# 1-0

[Event "Junior Online 4NCL Division 4"]
[Site "online"]
[Date "2020.04.30"]
[Round "3.38"]
[White "Sanka, Amit Aryan"]
[Black "Eradi, Madhav"]
[Result "1/2-1/2"]
[WhiteElo "1562"]
[BlackElo "1225"]
[PlyCount "101"]
[EventDate "2020.04.30"]
[WhiteTeam "KJCA Young Kestrels D"]
[BlackTeam "Leicestershire Juniors 2"]

1. Nf3 d5 2. e3 Nc6 3. c4 e6 4. Nc3 b6 5. Be2 Ba6 6. cxd5 Bxe2 7. Qxe2 exd5 8.
Qb5 Qd7 9. Nxd5 a6 10. Qb3 Na5 11. Qd3 c6 12. Nf4 Qe7 13. O-O Rd8 14. Qc3 Qe4
15. d3 Bb4 16. dxe4 Bxc3 17. bxc3 Nf6 18. Rb1 Nxe4 19. Rxb6 Nxc3 20. Rxa6 Ne2+
21. Nxe2 Nc4 22. Rxc6 Na5 23. Rc7 Rd7 24. Rxd7 Kxd7 25. Ne5+ Ke6 26. Bb2 Rb8
27. Ba1 f6 28. Nf4+ Kf5 29. Nf3 Ke4 30. a4 Nb3 31. Bd4 Rb4 32. a5 Nxa5 33. Bc3
Rb5 34. Bxa5 Rxa5 35. h3 g5 36. Nh5 Kf5 37. Ng3+ Kg6 38. Rd1 h5 39. Ne4 Ra4 40.
Nd6 Ra6 41. Kh2 h4 42. g3 hxg3+ 43. Kxg3 Kh5 44. Ne4 f5 45. Nc5 Rb6 46. Nd7 Rh6
47. Nde5 f4+ 48. exf4 gxf4+ 49. Kxf4 Rd6 50. Rg1 Rg6 51. Rxg6 1/2-1/2

[Event "Junior Online 4NCL Division 4"]
[Site "online"]
[Date "2020.04.30"]
[Round "3.41"]
[White "Cham, Alex"]
[Black "Masacorale, Jamie"]
[Result "1-0"]
[WhiteElo "1307"]
[BlackElo "1457"]
[PlyCount "87"]
[EventDate "2020.04.30"]
[WhiteTeam "St Albans Early Knights 3"]
[BlackTeam "Ojays E"]

1. d4 d5 2. Bf4 Nf6 3. e3 Bf5 4. Bd3 Bxd3 5. Qxd3 e6 6. c3 c5 7. Qb5+ Nbd7 8.
Qxb7 cxd4 9. exd4 Be7 10. Bc7 Qc8 11. Qxc8+ Rxc8 12. Bg3 O-O 13. Nf3 Ne4 14.
Nbd2 Nxg3 15. hxg3 Nb6 16. O-O-O Na4 17. Kb1 Rb8 18. Nb3 Rfc8 19. Ne5 f6 20.
Ng4 a5 21. Rd2 Nxc3+ 22. bxc3 a4 23. Kb2 axb3 24. axb3 Rb7 25. Kc2 Bb4 26. Rd3
Rbc7 27. Kd1 Bxc3 28. Ke2 Bb4 29. Ne3 Rc3 30. Rhd1 Kf7 31. f4 h6 32. g4 Ba3 33.
f5 exf5 34. gxf5 Bc1 35. Nxd5 Rc2+ 36. Kf3 Bg5 37. Nb4 Rb2 38. d5 Re8 39. d6
Ree2 40. d7 Rf2+ 41. Ke4 Rbe2+ 42. Kd5 Re5+ 43. Kc4 Rf4+ 44. Rd4 1-0

[Event "Junior Online 4NCL Division 4"]
[Site "online"]
[Date "2020.04.30"]
[Round "3.42"]
[White "Kroening, Alexander"]
[Black "Ravithas, Abinash"]
[Result "1/2-1/2"]
[WhiteElo "1435"]
[BlackElo "1285"]
[PlyCount "111"]
[EventDate "2020.04.30"]
[WhiteTeam "Ojays E"]
[BlackTeam "St Albans Early Knights 3"]

1. e4 e5 2. Nf3 Nc6 3. Bb5 a6 4. Ba4 b5 5. Bb3 Nf6 6. a4 Bb7 7. O-O Bc5 8. d3
h6 9. Nc3 O-O 10. axb5 axb5 11. Rxa8 Qxa8 12. Nxb5 Bb6 13. Bd2 Qe8 14. Nc3 Qe7
15. Qe2 Ra8 16. Na4 Ba6 17. Nxb6 cxb6 18. h3 d6 19. c3 Bc8 20. d4 exd4 21. cxd4
Qxe4 22. Qxe4 Nxe4 23. Bd5 Nxd2 24. Nxd2 Bb7 25. Bxc6 Bxc6 26. Rc1 Bb7 27. Nc4
Rc8 28. Rc3 Rc6 29. Nd2 Rxc3 30. bxc3 d5 31. Nf3 Kf8 32. Kf1 Ke7 33. Ke2 Kd6
34. Kd3 Ba6+ 35. Ke3 Bf1 36. Ne1 Bc4 37. g4 b5 38. Nc2 Ke6 39. Kf3 g5 40. Ne3
Kf6 41. Kg2 Kg6 42. Kf3 h5 43. Kg3 h4+ 44. Kg2 f6 45. f3 Kf7 46. f4 gxf4 47.
Nf5 Be2 48. Nd6+ Ke6 49. Nb7 Kd7 50. Nc5+ Kc6 51. Ne6 f3+ 52. Kf2 Kb6 53. Nf4
Kc6 54. Nxe2 fxe2 55. Kxe2 Kb6 56. Ke3 1/2-1/2

[Event "Junior Online 4NCL Division 4"]
[Site "online"]
[Date "2020.04.30"]
[Round "3.43"]
[White "Vitvitska, Vasylyna"]
[Black "Li, Evan"]
[Result "1-0"]
[WhiteElo "1187"]
[BlackElo "1435"]
[PlyCount "57"]
[EventDate "2020.04.30"]
[WhiteTeam "St Albans Early Knights 3"]
[BlackTeam "Ojays E"]

1. e4 c5 2. Nc3 Nc6 3. Nf3 g6 4. Bc4 Bg7 5. Bxf7+ Kxf7 6. Nd5 Ke8 7. O-O Nf6 8.
Nc3 d6 9. h3 Rf8 10. d3 Kf7 11. Ng5+ Kg8 12. Nd5 h6 13. Nf3 Re8 14. Nh4 Kh7 15.
Qf3 Be6 16. c4 Bf7 17. g4 g5 18. Nf5 Bg6 19. Kg2 Bh8 20. Nxf6+ Bxf6 21. Rh1 Ne5
22. Qe3 Bxf5 23. gxf5 Rg8 24. Kf1 Rg7 25. Bd2 Qd7 26. Ke2 Rag8 27. f3 e6 28. h4
gxh4 29. Qxh6# 1-0

[Event "Junior Online 4NCL Division 4"]
[Site "online"]
[Date "2020.04.30"]
[Round "3.44"]
[White "Zeng, Rosa"]
[Black "Demura, Dmitrii"]
[Result "0-1"]
[WhiteElo "1412"]
[BlackElo "1142"]
[PlyCount "192"]
[EventDate "2020.04.30"]
[WhiteTeam "Ojays E"]
[BlackTeam "St Albans Early Knights 3"]

1. e4 e5 2. Nf3 Nc6 3. Bc4 Nf6 4. d3 Bc5 5. Nc3 d6 6. O-O Bg4 7. h3 Bh5 8. Be3
Bxe3 9. fxe3 O-O 10. Nd5 Nxd5 11. exd5 e4 12. dxe4 Ne5 13. Be2 Bxf3 14. Bxf3
Nxf3+ 15. Rxf3 h6 16. Qd4 c5 17. Qc3 b5 18. Rg3 f6 19. Qb3 a5 20. Qxb5 Rb8 21.
Qc4 Rxb2 22. Qc3 Rb4 23. a3 Rxe4 24. Qd3 f5 25. Rf1 h5 26. Rxf5 Rxf5 27. Qxe4
Rg5 28. Qe6+ Kh8 29. Kh2 Rxg3 30. Kxg3 Qg5+ 31. Kh2 h4 32. Qe8+ Kh7 33. Qe4+
Kg8 34. Qe6+ Kh8 35. Qxd6 Qxe3 36. Qd8+ Kh7 37. Qxh4+ Kg8 38. Qd8+ Kh7 39. Qf8
Qe5+ 40. Kg1 Qxd5 41. Qf2 c4 42. Qh4+ Kg8 43. Qf4 c3 44. Qb8+ Kh7 45. Qf4 Qd1+
46. Qf1 Qxc2 47. Qc4 Qd1+ 48. Kf2 c2 49. Qe4+ Kh8 50. Qe8+ Kh7 51. Qe4+ Kh6 52.
Qf4+ g5 53. Qf6+ Kh7 54. Qf7+ Kh6 55. Qf6+ Kh7 56. Qf7+ Kh8 57. Qf8+ Kh7 58.
Qf7+ Kh6 59. Qf6+ Kh5 60. Qh8+ Kg6 61. Qg8+ Kf5 62. Qf8+ Ke4 63. Qe8+ Kd3 64.
Qd8+ Kc3 65. Qc8+ Kb2 66. Qh8+ Kxa3 67. Qf8+ Kb3 68. Qb8+ Kc3 69. Qc8+ Kd4 70.
Qd8+ Ke5 71. Qe8+ Kf6 72. Qf8+ Ke6 73. Qe8+ Kd6 74. Qd8+ Kc6 75. Qc8+ Kd6 76.
Qd8+ Kc6 77. Qc8+ Kb5 78. Qb8+ Ka4 79. Qe8+ Kb3 80. Qb8+ Kc3 81. Qh8+ Kd2 82.
Qd8+ Kc1 83. Qxg5+ Qd2+ 84. Qxd2+ Kxd2 85. h4 c1=R 86. Kg3 a4 87. Kg4 a3 88. g3
a2 89. Kg5 a1=R 90. g4 Ra5+ 91. Kf4 Rc4+ 92. Kg3 Ra3+ 93. Kf2 Rc2 94. Kg2 Kc1+
95. Kf1 Ra1 96. Ke1 Kb2# 0-1

[Event "Junior Online 4NCL Division 4"]
[Site "online"]
[Date "2020.04.30"]
[Round "3.45"]
[White "Masacorale, Jamie"]
[Black "Cham, Alex"]
[Result "1-0"]
[WhiteElo "1457"]
[BlackElo "1307"]
[PlyCount "51"]
[EventDate "2020.04.30"]
[WhiteTeam "Ojays E"]
[BlackTeam "St Albans Early Knights 3"]

1. d4 d5 2. Nf3 Bf5 3. Bf4 e6 4. e3 Bd6 5. Bxd6 Qxd6 6. Nbd2 Qc6 7. a4 Qxc2 8.
Qxc2 Bxc2 9. Ne5 c6 10. b3 Bf5 11. Ndf3 Nf6 12. b4 Ne4 13. Bd3 Nd7 14. Nxd7
Kxd7 15. b5 Nxf2 16. Ne5+ Ke7 17. Kxf2 Bxd3 18. Nxd3 Raf8 19. Rhf1 Kd7 20.
bxc6+ bxc6 21. Rac1 g5 22. Ne5+ Kd6 23. Rxc6+ Ke7 24. Rfc1 f6 25. Rc7+ Kd6 26.
R1c6# 1-0

[Event "Junior Online 4NCL Division 4"]
[Site "online"]
[Date "2020.04.30"]
[Round "3.46"]
[White "Ravithas, Abinash"]
[Black "Kroening, Alexander"]
[Result "1/2-1/2"]
[WhiteElo "1285"]
[BlackElo "1435"]
[PlyCount "132"]
[EventDate "2020.04.30"]
[WhiteTeam "St Albans Early Knights 3"]
[BlackTeam "Ojays E"]

1. e4 e5 2. Nf3 Nc6 3. Bc4 Nd4 4. Nxd4 exd4 5. d3 Nf6 6. c3 d5 7. exd5 Nxd5 8.
cxd4 Qe7+ 9. Qe2 Qxe2+ 10. Kxe2 Be6 11. Re1 Nb4 12. Kd2 O-O-O 13. Kc3 Nd5+ 14.
Bxd5 Rxd5 15. Re5 Rd6 16. Bf4 Rd5 17. Rxd5 Bxd5 18. f3 Be7 19. Nd2 g5 20. Bg3
h5 21. h4 g4 22. Rc1 Rg8 23. Re1 Bd6 24. Bxd6 cxd6 25. Ne4 gxf3 26. Nf6 f2 27.
Rf1 Bxg2 28. Rxf2 Rg6 29. Nxh5 Bc6 30. Rxf7 Rh6 31. Rf8+ Kc7 32. Rf5 Bd7 33.
Rg5 b6 34. b3 Kd8 35. Kb4 a5+ 36. Kc4 b5+ 37. Kd5 Kc7 38. Ke4 Be8 39. Rg7+ Bd7
40. Nf4 Rxh4 41. Kf3 Rh2 42. Nd5+ Kc6 43. Nf6 Bf5 44. d5+ Kb6 45. Nd7+ Bxd7 46.
Rxd7 Kc5 47. Rc7+ Kb6 48. Rc6+ Kb7 49. Rxd6 Rxa2 50. Rc6 Rh2 51. Ke4 a4 52.
bxa4 bxa4 53. Rc1 Kb6 54. Ra1 Rh4+ 55. Ke5 Rh5+ 56. Kd6 Rh6+ 57. Ke5 Rh5+ 58.
Kd4 Rh4+ 59. Kc3 Kc5 60. Rb1 Kxd5 61. Rb5+ Kc6 62. Rb4 Rxb4 63. Kxb4 Kd5 64.
Kc3 a3 65. Kb3 Kd4 66. Kxa3 Kxd3 1/2-1/2

[Event "Junior Online 4NCL Division 4"]
[Site "online"]
[Date "2020.04.30"]
[Round "3.47"]
[White "Li, Evan"]
[Black "Vitvitska, Vasylyna"]
[Result "0-1"]
[WhiteElo "1435"]
[BlackElo "1187"]
[PlyCount "42"]
[EventDate "2020.04.30"]
[WhiteTeam "Ojays E"]
[BlackTeam "St Albans Early Knights 3"]

1. e4 e5 2. Nf3 Nc6 3. Bc4 Nd4 4. Nxd4 exd4 5. O-O Nf6 6. d3 d5 7. exd5 Nxd5 8.
c3 Bc5 9. Qf3 c6 10. b4 Bb6 11. Bxd5 Qxd5 12. Qxd5 cxd5 13. Bd2 O-O 14. cxd4
Bxd4 15. Nc3 Bf5 16. Rac1 Bxd3 17. Rfe1 Rad8 18. Be3 Bxe3 19. Rxe3 Bc4 20. Rd1
d4 21. Re4 dxc3 0-1

[Event "Junior Online 4NCL Division 4"]
[Site "online"]
[Date "2020.04.30"]
[Round "3.48"]
[White "Demura, Dmitrii"]
[Black "Zeng, Rosa"]
[Result "1-0"]
[WhiteElo "1142"]
[BlackElo "1412"]
[PlyCount "123"]
[EventDate "2020.04.30"]
[WhiteTeam "St Albans Early Knights 3"]
[BlackTeam "Ojays E"]

1. e4 e5 2. Nf3 Nc6 3. Bc4 Nf6 4. Ng5 d5 5. exd5 Nxd5 6. d4 Bb4+ 7. c3 Be7 8.
Bxd5 Qxd5 9. O-O O-O 10. Qc2 Bxg5 11. Bxg5 h6 12. Bc1 exd4 13. cxd4 Qxd4 14. b3
Qe5 15. Bb2 Bf5 16. Bxe5 Bxc2 17. Bxc7 Rac8 18. Bd6 Rfe8 19. Nc3 Nd4 20. Rae1
Bd3 21. Rxe8+ Rxe8 22. Rd1 Bc2 23. Rc1 Nf5 24. Bf4 Nh4 25. g3 Ng6 26. Rxc2 Re1+
27. Kg2 Nxf4+ 28. gxf4 Re6 29. f5 Rf6 30. Nd5 Rd6 31. Rc8+ Kh7 32. Ne7 Rd7 33.
Ng8 Rd5 34. f6 Rg5+ 35. Kf1 b5 36. fxg7 Rxg7 37. Nf6+ Kg6 38. Rc6 Kg5 39. Ne4+
Kf4 40. Nf6 Kg5 41. a4 Kf5 42. axb5 Ke5 43. b6 axb6 44. Rxb6 Kf5 45. b4 Ke5 46.
b5 Kf5 47. Rc6 Ke5 48. b6 Kd4 49. b7 Rg5 50. b8=R Ra5 51. Rd8+ Ke5 52. Ng4+ Kf4
53. Rc4+ Kf5 54. Nxh6+ Kg6 55. Rd6+ Kh7 56. Rc7 Rg5 57. Nxf7 Rg7 58. Ng5+ Kh8
59. Rd8+ Rg8 60. Nf7+ Kh7 61. Ng5+ Kh8 62. Rh7# 1-0

[Event "Junior Online 4NCL Division 4"]
[Site "online"]
[Date "2020.04.30"]
[Round "3.51"]
[White "Lievens, Karel"]
[Black "Walker, Daniel"]
[Result "1/2-1/2"]
[WhiteElo "1416"]
[BlackElo "1382"]
[PlyCount "44"]
[EventDate "2020.04.30"]
[WhiteTeam "St Benildus 2"]
[BlackTeam "Robin Hoods 2"]

1. e4 c6 2. d4 d5 3. exd5 cxd5 4. Nf3 Nc6 5. Bf4 Bg4 6. c3 Nf6 7. h3 Bh5 8.
Nbd2 e6 9. Bd3 Bd6 10. Bxd6 Qxd6 11. Qc2 Rc8 12. O-O O-O 13. Rfe1 Qf4 14. Re3
Nb4 15. Qb1 Nxd3 16. Qxd3 Bg6 17. Qe2 Ne4 18. Nxe4 dxe4 19. Ne5 Bf5 20. Nd7
Rfd8 21. Nc5 e5 22. Rd1 exd4 1/2-1/2

[Event "Junior Online 4NCL Division 4"]
[Site "online"]
[Date "2020.04.30"]
[Round "3.52"]
[White "Wood, Ethan"]
[Black "Cooney, Thomas"]
[Result "0-1"]
[WhiteElo "1352"]
[BlackElo "1457"]
[PlyCount "120"]
[EventDate "2020.04.30"]
[WhiteTeam "Robin Hoods 2"]
[BlackTeam "St Benildus 2"]

1. e4 e6 2. d4 d5 3. e5 c5 4. c3 Nc6 5. Nf3 Qb6 6. Nbd2 cxd4 7. cxd4 Nxd4 8.
Qa4+ Nc6 9. Bb5 Bc5 10. O-O Nge7 11. Nb3 O-O 12. Nxc5 Qxc5 13. Be3 Qb4 14. Qxb4
Nxb4 15. Bd2 Nbc6 16. Bxc6 Nxc6 17. Rac1 f6 18. exf6 Rxf6 19. b4 Bd7 20. b5 Ne7
21. a4 Rc8 22. Bg5 Rf7 23. Ne5 Rxc1 24. Rxc1 Rf5 25. f4 Ng6 26. Nxd7 h6 27.
Rc8+ Kh7 28. Bd8 Rxf4 29. Rc1 e5 30. Rf1 Rxa4 31. Nc5 Rb4 32. Nxb7 Rxb5 33. Nd6
Rb4 34. Rf7 Rf4 35. Rxf4 Nxf4 36. g3 Nd3 37. Nb5 e4 38. Nd4 e3 39. Kf1 Nf2 40.
Ke2 a6 41. Kxe3 Ng4+ 42. Kf4 Nxh2 43. Ke5 Nf1 44. Kxd5 Nxg3 45. Kc5 g5 46. Bc7
Nh5 47. Kb6 Nf6 48. Kxa6 h5 49. Nf3 Kg6 50. Kb5 g4 51. Nh4+ Kg5 52. Bd8 Kxh4
53. Bxf6+ Kg3 54. Be5+ Kf3 55. Kc4 g3 56. Kd3 g2 57. Kd2 g1=Q 58. Bh8 Qe3+ 59.
Kd1 Qd3+ 60. Ke1 Qe2# 0-1

[Event "Junior Online 4NCL Division 4"]
[Site "online"]
[Date "2020.04.30"]
[Round "3.53"]
[White "Brady, Fearghal"]
[Black "Golding, James"]
[Result "1-0"]
[WhiteElo "1450"]
[BlackElo "1337"]
[PlyCount "85"]
[EventDate "2020.04.30"]
[WhiteTeam "St Benildus 2"]
[BlackTeam "Robin Hoods 2"]

1. e4 e5 2. Nf3 Nc6 3. Bc4 Nf6 4. d3 Bc5 5. c3 d6 6. h3 Be6 7. Bb3 d5 8. Nbd2
dxe4 9. dxe4 Nxe4 10. Nxe4 Qxd1+ 11. Bxd1 O-O-O 12. Nxc5 Rd5 13. Nxe6 fxe6 14.
O-O Rhd8 15. Bb3 R5d6 16. Bg5 R8d7 17. Rad1 h6 18. Be3 Kb8 19. Bc5 Rxd1 20.
Rxd1 Rxd1+ 21. Bxd1 g5 22. Ba4 e4 23. Bxc6 bxc6 24. Ne5 Kb7 25. Bf8 h5 26. Bh6
g4 27. hxg4 hxg4 28. Nxg4 Kb6 29. Nf6 Kc5 30. Nxe4+ Kd5 31. f3 c5 32. g4 Ke5
33. Nxc5 Kf6 34. g5+ Kg6 35. Nxe6 c6 36. f4 Kf5 37. Nd4+ Kg6 38. Nxc6 a6 39.
Ne5+ Kf5 40. g6 Kf6 41. g7 Ke7 42. g8=Q Kf6 43. Qf7# 1-0

[Event "Junior Online 4NCL Division 4"]
[Site "online"]
[Date "2020.04.30"]
[Round "3.54"]
[White "Brown, Charlie"]
[Black "Gubala, Max"]
[Result "0-1"]
[WhiteElo "1262"]
[BlackElo "700"]
[PlyCount "30"]
[EventDate "2020.04.30"]
[WhiteTeam "Robin Hoods 2"]
[BlackTeam "St Benildus 2"]

1. e4 e5 2. Bc4 Nf6 3. d4 exd4 4. Qxd4 Nc6 5. Qd3 Nb4 6. Qc3 Nxe4 7. Qe3 Nxc2+
8. Kd1 Nxe3+ 9. Ke2 Nc2 10. Bd3 Nxa1 11. Bxe4 Qe7 12. f3 d5 13. Nc3 dxe4 14.
fxe4 Bg4+ 15. Kd3 Rd8+ 0-1

[Event "Junior Online 4NCL Division 4"]
[Site "online"]
[Date "2020.04.30"]
[Round "3.55"]
[White "Walker, Daniel"]
[Black "Lievens, Karel"]
[Result "0-1"]
[WhiteElo "1382"]
[BlackElo "1416"]
[PlyCount "58"]
[EventDate "2020.04.30"]
[WhiteTeam "Robin Hoods 2"]
[BlackTeam "St Benildus 2"]

1. e4 e5 2. Nf3 Nc6 3. Bc4 Nf6 4. Ng5 d5 5. exd5 Na5 6. Bb5+ c6 7. dxc6 bxc6 8.
Bd3 h6 9. Ne4 Nd5 10. c3 Nf4 11. Bf1 Nd3+ 12. Bxd3 Qxd3 13. Qe2 Ba6 14. Qe3 f5
15. Ng3 Bd6 16. b4 Nb7 17. f4 O-O 18. fxe5 Bxe5 19. Qxd3 Bxd3 20. Na3 Bxg3+ 21.
hxg3 Rae8+ 22. Kf2 Re2+ 23. Kf3 Nd6 24. Rg1 g5 25. g4 fxg4+ 26. Kxg4 Rf4+ 27.
Kh3 Rh4+ 28. Kg3 Nf5+ 29. Kf3 Rf4# 0-1

[Event "Junior Online 4NCL Division 4"]
[Site "online"]
[Date "2020.04.30"]
[Round "3.56"]
[White "Cooney, Thomas"]
[Black "Wood, Ethan"]
[Result "1-0"]
[WhiteElo "1457"]
[BlackElo "1352"]
[PlyCount "45"]
[EventDate "2020.04.30"]
[WhiteTeam "St Benildus 2"]
[BlackTeam "Robin Hoods 2"]

1. e4 e5 2. Nf3 Nc6 3. Bc4 Bc5 4. c3 Nf6 5. d4 Bd6 6. d5 Na5 7. Bd3 O-O 8. b4
Nc4 9. Bxc4 Nxe4 10. O-O Nf6 11. Bg5 h6 12. Bxf6 Qxf6 13. Nbd2 b6 14. Ne4 Qf4
15. Qd3 a6 16. g3 Qf6 17. Nxf6+ gxf6 18. Qf5 b5 19. Bd3 Rd8 20. Nh4 Re8 21.
Qh7+ Kf8 22. Nf5 Re7 23. Qh8# 1-0

[Event "Junior Online 4NCL Division 4"]
[Site "online"]
[Date "2020.04.30"]
[Round "3.57"]
[White "Golding, James"]
[Black "Brady, Fearghal"]
[Result "0-1"]
[WhiteElo "1337"]
[BlackElo "1450"]
[PlyCount "122"]
[EventDate "2020.04.30"]
[WhiteTeam "Robin Hoods 2"]
[BlackTeam "St Benildus 2"]

1. e4 d6 2. f4 Nf6 3. Nc3 g6 4. Nf3 Bg7 5. d4 O-O 6. e5 Nfd7 7. Bd3 c5 8. dxc5
dxe5 9. fxe5 Nxe5 10. Nxe5 Bxe5 11. O-O Nc6 12. Qe2 Bd4+ 13. Kh1 Be6 14. Qe4
Bg7 15. Bf4 Bf5 16. Qe3 Bxd3 17. cxd3 e5 18. Bg5 f6 19. Bh6 Qd4 20. Qxd4 Nxd4
21. Bxg7 Kxg7 22. Rac1 Rac8 23. Nd5 Rf7 24. b4 Nf5 25. b5 Rd7 26. Nb4 Rd4 27.
a3 Ne3 28. Rfe1 Nd5 29. Nxd5 Rxd5 30. Red1 Rdxc5 31. Rxc5 Rxc5 32. a4 Rd5 33.
Rc1 Rd7 34. Rd1 e4 35. Kg1 f5 36. Kf2 Kf6 37. Ke2 Ke5 38. dxe4 Rxd1 39. Kxd1
Kxe4 40. Ke2 f4 41. Kf2 g5 42. h3 h5 43. g3 fxg3+ 44. Kxg3 Ke3 45. h4 g4 46. a5
Ke4 47. a6 b6 48. Kg2 Kf4 49. Kh2 Kf3 50. Kh1 Kg3 51. Kg1 Kxh4 52. Kg2 Kg5 53.
Kg3 h4+ 54. Kh2 Kf4 55. Kg2 h3+ 56. Kh2 Kf3 57. Kh1 Kf2 58. Kh2 g3+ 59. Kh1 g2+
60. Kh2 g1=Q+ 61. Kxh3 Qg3# 0-1

[Event "Junior Online 4NCL Division 4"]
[Site "online"]
[Date "2020.04.30"]
[Round "3.58"]
[White "Gubala, Max"]
[Black "Brown, Charlie"]
[Result "1-0"]
[WhiteElo "700"]
[BlackElo "1262"]
[PlyCount "31"]
[EventDate "2020.04.30"]
[WhiteTeam "St Benildus 2"]
[BlackTeam "Robin Hoods 2"]

1. d4 d5 2. c4 dxc4 3. e3 Bf5 4. Bxc4 Nf6 5. Qf3 Nc6 6. Qxf5 e6 7. Qd3 Nb4 8.
Qb3 Qd7 9. a3 Nc6 10. Nf3 Ne4 11. O-O O-O-O 12. Nbd2 Nxd2 13. Bxd2 b6 14. Ng5
Na5 15. Bxa5 bxa5 16. Ba6# 1-0

[Event "Junior Online 4NCL Division 4"]
[Site "online"]
[Date "2020.04.30"]
[Round "3.61"]
[White "Patel, Keatan"]
[Black "Humphreys, Benjamin"]
[Result "0-1"]
[WhiteElo "1367"]
[BlackElo "1255"]
[PlyCount "56"]
[EventDate "2020.04.30"]
[WhiteTeam "Warwickshire Bears D"]
[BlackTeam "Robin Hoods 3"]

1. e4 c5 2. Nf3 Nf6 3. e5 Nd5 4. Bc4 e6 5. O-O Nc6 6. d4 Nb6 7. Qe2 Nxc4 8.
Qxc4 cxd4 9. Nxd4 Nxd4 10. Qxd4 b6 11. Be3 Bc5 12. Qe4 Bxe3 13. fxe3 Ba6 14. c4
O-O 15. Nc3 Qc7 16. Rf3 Bb7 17. Nd5 exd5 18. cxd5 Rac8 19. Rh3 h6 20. Qg4 Qxe5
21. Rg3 Qg5 22. Qxd7 Qxd5 23. Qg4 Qg5 24. Qd7 Rfd8 25. Qxb7 Qd5 26. Qxa7 Rc2
27. Qxb6 Qd1+ 28. Rxd1 Rxd1# 0-1

[Event "Junior Online 4NCL Division 4"]
[Site "online"]
[Date "2020.04.30"]
[Round "3.62"]
[White "Babu, Rohan"]
[Black "Vaidyanathan, Adithya"]
[Result "1-0"]
[WhiteElo "1255"]
[BlackElo "1315"]
[PlyCount "23"]
[EventDate "2020.04.30"]
[WhiteTeam "Robin Hoods 3"]
[BlackTeam "Warwickshire Bears D"]

1. e4 c5 2. Nf3 b6 3. d4 cxd4 4. Nxd4 e5 5. Nf3 Nc6 6. Bb5 Nd4 7. Nxd4 exd4 8.
Qxd4 a6 9. Ba4 b5 10. Bb3 Be7 11. Qxg7 Bf6 12. Qxf7# 1-0

[Event "Junior Online 4NCL Division 4"]
[Site "online"]
[Date "2020.04.30"]
[Round "3.63"]
[White "Vaidyanathan, Sathya"]
[Black "Krasnov, Maksim"]
[Result "1-0"]
[WhiteElo "1292"]
[BlackElo "1247"]
[PlyCount "51"]
[EventDate "2020.04.30"]
[WhiteTeam "Warwickshire Bears D"]
[BlackTeam "Robin Hoods 3"]

1. e4 e5 2. Nf3 Nc6 3. Bc4 Bc5 4. Nc3 Nf6 5. d3 d6 6. h3 Be6 7. Bxe6 fxe6 8. a3
d5 9. exd5 Nxd5 10. Nxd5 exd5 11. b4 Bd4 12. Nxd4 Nxd4 13. Bb2 Qe7 14. O-O O-O
15. Re1 Rf6 16. Bxd4 Rf5 17. Qg4 Rf4 18. Rxe5 Rxg4 19. Rxe7 Rxd4 20. Rxc7 b6
21. Re1 a5 22. bxa5 bxa5 23. Ree7 Rf8 24. Rxg7+ Kh8 25. Rxh7+ Kg8 26. Rcg7# 1-0

[Event "Junior Online 4NCL Division 4"]
[Site "online"]
[Date "2020.04.30"]
[Round "3.64"]
[White "Pannu, Aaron"]
[Black "Sagyaman, Vassily M"]
[Result "0-1"]
[WhiteElo "1240"]
[BlackElo "1232"]
[PlyCount "36"]
[EventDate "2020.04.30"]
[WhiteTeam "Robin Hoods 3"]
[BlackTeam "Warwickshire Bears D"]

1. e4 e5 2. Nf3 Nc6 3. Bb5 a6 4. Bxc6 dxc6 5. Nxe5 Qe7 6. Qh5 g6 7. Qf3 Qxe5 8.
d3 Bg7 9. Bf4 Qxb2 10. O-O Qxa1 11. Nd2 Qxa2 12. Bxc7 Qxc2 13. Nc4 Nf6 14. Nd6+
Ke7 15. Qf4 Be6 16. Qe5 Nh5 17. Qg5+ f6 18. Qf4 Nxf4 0-1